000 00315nam a2200121Ia 4500
008 220216s9999 xx 000 0 und d
100 _aBolam S E
245 0 _aCharacteristics of synthetic polymer latices
260 _bProceedings of the IRI
_c1957
300 _a61-75
650 _aSynthetic polymer
942 _cJS
999 _c55401
_d55401